Statistics for Decipher 25 Countries Without Vowels in 1 Minute!

Click here to take the quiz!

General Stats

  • This quiz has been taken 53 times
  • The average score is 20 of 25

Answer Stats

LettersCountries% Correct
H_ _T_Haiti
100%
B_N_NBenin
98%
S_YCH_LL_SSeychelles
98%
C_MB_D_ _Cambodia
96%
M_NT_N_GR_Montenegro
96%
J_M_ _C_Jamaica
91%
N_ _R_Nauru
89%
N_RW_ _Norway
85%
S_M_ _Samoa
85%
Y_M_NYemen
85%
M_D_G_SC_RMadagascar
83%
T_N_S_ _Tunisia
83%
_NG_L_Angola
81%
D_NM_RKDenmark
81%
_T_L_Italy
81%
T_ _W_NTaiwan
81%
K_W_ _TKuwait
72%
SL_V_N_ _Slovenia
72%
_R_TR_ _Eritrea
68%
M_ _R_T_ _SMauritius
62%
Z_MB_ _Zambia
62%
_ _STR_ _Austria
55%
C_B_Cuba
53%
_R_G_ _ _Uruguay
49%
_SR_ _LIsrael
47%

Score Distribution

Percentile by Number Answered

Percent of People with Each Score

Your Score History

You have not taken this quiz